000 00817nam a2200229 a 4500
008 080306s2008 ||||||||||||||||| || u
020 _a9780821372
020 _a272
050 _aIBRD(02)
100 _aMorrison, Andrew R
245 1 4 _aThe international migration of women
_cEdited by Andrew R. Morrison, Maurice Schiff and Mirja Sjoblom
260 _aWashington, D.C.
_bWorld Bank
_c2008
350 _a0.00
650 _aWOMEN IMMIGRANTS
650 _aWOMEN ALIEN LABOR
650 _aEMIGRATION AND IMMIGRATION -- ECONOMIC ASPECTS
650 0 _aBRAIN DRAIN
700 _aSchiff, Maurice
700 _aSjoblom, Mirja
710 _aWorld Bank
995 _D0.00
_FCBU-MAIN LIBRARY (Kitwe)
_H1
_I0.00
_M1
_UAVAILABLE
_WApr 15, 2008
_ZInternational Publications
999 _c47448
_d47448